La Concepción de la "independencia de las naciones" y el neocolonialismo /
Guardado en:
| 主要作者: | |
|---|---|
| 格式: | Texto |
| 標簽: |
添加標簽
沒有標簽, 成為第一個標記此記錄!
|
MARC
| LEADER | 00000 a a2200000 04500 | ||
|---|---|---|---|
| 001 | 3134 | ||
| 003 | |||
| 040 | |||
| 100 | |a Volkov, Mai | ||
| 245 | |a La Concepción de la "independencia de las naciones" y el neocolonialismo / |c Mai Volkov | ||
| 773 | |g número 1; páginas 138-149 | ||
| 999 | |c 31626 |d 31626 | ||
